00326nam a2200109 a 4500008004100000020001500041050001500056245003300071246006500104260003800169350000900207120416s0000 ||||||||||||||||| || u a0074633295 aHB 615 Col10aEntrepreneurship development aColombo Plan Staff College for Technician Education - Manila aNew DelhibTata McGraw-Hillc1998 a0.00